000 00517nam a2200193Ia 4500
005 20250508161646.0
008 008 250505s9999 xx 000 0 eng d
037 _aTextual
040 _aFEDL
_beng
_cFEDL
041 _aeng
_2eng
084 _a510, GLE
_qFEDL
100 _aGlennon Vincent J
245 0 _aEssential mathmatics. Bool D
260 _aLondon, UK
_bGinn and Company Limited
_c1970
300 _a224p.
546 _aWeeded out
942 _cTEXL
_h510, GLE
999 _c1371384
_d1371384